[Event "29th Czech Open A 2018"]
[Site "Pardubice CZE"]
[Date "2018.07.22"]
[Round "3.9"]
[White "Zwardon, Vojtech"]
[Black "Debashis, Das"]
[Result "1-0"]
[WhiteTitle "IM"]
[BlackTitle "GM"]
[WhiteElo "2424"]
[BlackElo "2529"]
[WhiteFideId "325511"]
[BlackFideId "5024854"]
[EventDate "2018.07.20"]

1. c4 g6 2. Nc3 Bg7 3. g3 d6 4. Bg2 e5 5. e3 f5 6. Nge2 Nf6 7. O-O O-O 8. b4 c6
9. b5 Be6 10. bxc6 bxc6 11. Qa4 Qc7 12. d3 Rc8 13. Ba3 Nbd7 14. Rab1 a6 15. Rfc1
Bf7 16. Rb2 Ra7 17. Rcb1 d5 18. c5 g5 19. d4 Ne4 20. Rb6 a5 21. Nxe4 dxe4 22.
dxe5 Nxe5 23. Nd4 Qd7 24. Rd1 Bd5 25. Bh3 g4 26. Bf1 Qf7 27. Rdb1 Bxa2 28. Rb8
Qc7 29. Rxc8+ Qxc8 30. Rb6 Bd5 31. Qc2 Rf7 32. Qb1 Qd7 33. Rb8+ Bf8 34. Qb6 Nf3+
35. Nxf3 exf3 36. Qxa5 h6 37. Qa8 Qe6 38. Bb2 Be4 39. Qa4 Kh7 40. Qd4 Bg7 41.
Bc4 Qd7 42. Qd6 Qxd6 43. cxd6 Rd7 44. Re8 Rb7 45. Bg8+ Kg6 46. Re6+ Kh5 47. h4
gxh3 48. Re7 Rxb2 49. Rxg7 Bd5 50. d7 h2+ 51. Kh1 Rb8 52. Bh7 Be6 53. Re7 f4 54.
exf4 1-0

[Event "29th Czech Open A 2018"]
[Site "Pardubice CZE"]
[Date "2018.07.22"]
[Round "3.10"]
[White "Praggnanandhaa, R"]
[Black "Manik, Mikulas"]
[Result "1/2-1/2"]
[WhiteTitle "IM"]
[BlackTitle "GM"]
[WhiteElo "2529"]
[BlackElo "2400"]
[WhiteFideId "25059530"]
[BlackFideId "14900734"]
[EventDate "2018.07.20"]

1. Nf3 Nf6 2. g3 g6 3. b3 Bg7 4. Bb2 O-O 5. Bg2 d6 6. d4 c5 7. c4 Qa5+ 8. Bc3
Qc7 9. Nbd2 d5 10. dxc5 Qxc5 11. Bd4 Qa5 12. cxd5 Qxd5 13. O-O Nc6 14. Bb2 Qh5
15. Rc1 Be6 16. Rc2 Rfd8 17. Qa1 Rd7 18. Rfc1 Rad8 19. Rc5 Qh6 20. Nf1 Bh3 21.
R5c4 Bxg2 22. Kxg2 Nd5 1/2-1/2

[Event "29th Czech Open A 2018"]
[Site "Pardubice CZE"]
[Date "2018.07.22"]
[Round "3.11"]
[White "Steinberg, Nitzan"]
[Black "Chekletsov, Ilya"]
[Result "1-0"]
[WhiteTitle "GM"]
[BlackTitle "IM"]
[WhiteElo "2521"]
[BlackElo "2395"]
[WhiteFideId "2801795"]
[BlackFideId "24177156"]
[EventDate "2018.07.20"]

1. e4 c5 2. Nf3 d6 3. Bb5+ Bd7 4. Bxd7+ Qxd7 5. c4 Nf6 6. Nc3 g6 7. d4 cxd4 8.
Nxd4 Bg7 9. f3 Qc7 10. b3 Qa5 11. Bb2 Nc6 12. O-O O-O 13. Rc1 Rfd8 14. Kh1 e6
15. Na4 Ne8 16. Nxc6 bxc6 17. Qe2 Bxb2 18. Qxb2 Rab8 19. Qe2 d5 20. exd5 cxd5
21. c5 d4 22. Rfd1 Rd5 23. Rc4 Rbd8 24. Qc2 Re5 25. Qf2 Red5 26. Rcxd4 Rxd4 27.
Rxd4 Rxd4 28. Qxd4 Qe1+ 29. Qg1 Qd2 30. h3 Nf6 31. c6 Nd5 32. Nc5 Qxa2 33. Qd4
Qc2 34. c7 Nxc7 35. Qd8+ Ne8 36. Qxe8+ Kg7 37. Ne4 Qxb3 38. Qd7 Qe3 39. Qc7 h6
40. Qe5+ Kf8 41. Kh2 g5 42. Qh8+ Ke7 43. Qf6+ Ke8 44. Qh8+ Ke7 45. Qxh6 Qf4+ 46.
g3 Qxf3 47. Qxg5+ Kf8 48. Qd8+ Kg7 49. Qd4+ Kg6 50. h4 a5 51. g4 Qf4+ 52. Kh3
Qf1+ 53. Kg3 Qe1+ 54. Nf2 e5 55. Qb6+ Kg7 56. g5 a4 57. h5 Qg1+ 58. Kh4 Qh2+ 59.
Nh3 Qe2 60. h6+ Kh7 61. Qb1+ Kh8 62. g6 Qc4+ 63. Kg5 fxg6 64. Qb8+ Qg8 65. Qxe5+
Kh7 66. Qe7+ Kh8 67. Nf4 1-0

[Event "29th Czech Open A 2018"]
[Site "Pardubice CZE"]
[Date "2018.07.22"]
[Round "3.12"]
[White "Deepan, Chakkravarthy J."]
[Black "Pauly, Carlo"]
[Result "1-0"]
[WhiteTitle "GM"]
[WhiteElo "2519"]
[BlackElo "2312"]
[WhiteFideId "5011132"]
[BlackFideId "24673269"]
[EventDate "2018.07.20"]

1. d4 Nf6 2. c4 g6 3. Nc3 Bg7 4. e4 O-O 5. Be2 d6 6. Bg5 c5 7. d5 h6 8. Be3 e6
9. Qd2 exd5 10. exd5 Kh7 11. h4 h5 12. Nf3 a6 13. Ng5+ Kg8 14. Bf4 Re8 15. O-O
Ng4 16. Bxg4 Bxg4 17. Nce4 Be5 18. Bxe5 Rxe5 19. f4 Rxe4 20. Nxe4 Qxh4 21. Rae1
Nd7 22. Nxd6 1-0

[Event "29th Czech Open A 2018"]
[Site "Pardubice CZE"]
[Date "2018.07.22"]
[Round "3.13"]
[White "Kobo, Ori"]
[Black "Sarkar, Justin"]
[Result "1-0"]
[WhiteTitle "GM"]
[BlackTitle "IM"]
[WhiteElo "2508"]
[BlackElo "2307"]
[WhiteFideId "2812320"]
[BlackFideId "2010011"]
[EventDate "2018.07.20"]

1. Nf3 d6 2. e4 Nf6 3. Nc3 g6 4. d4 Bg7 5. Be3 O-O 6. Qd2 c5 7. dxc5 dxc5 8.
Qxd8 Rxd8 9. Bxc5 Nc6 10. Bb5 Nd7 11. Ba3 Nde5 12. Nxe5 Bxe5 13. Nd5 Nd4 14.
Nxe7+ Kg7 15. Bd3 Be6 16. O-O Rd7 17. f4 Bf6 18. f5 Bxe7 19. Bxe7 gxf5 20. Bh4
Rc8 21. c3 fxe4 22. Bf6+ Kh6 23. Bxe4 Ne2+ 24. Kh1 Rc4 25. Bf3 Rd2 26. Rae1 Bg4
27. b3 Bxf3 28. bxc4 Bc6 29. Be5 Rxa2 30. Rf2 Nxc3 31. Rf6+ Kg5 32. Bxc3 Rc2 33.
Ba1 Bxg2+ 34. Kg1 Bc6 35. Rxf7 Rg2+ 36. Kf1 Rxh2 37. Rg7+ Kf5 38. Bd4 a6 39.
Ree7 h5 40. Rgf7+ Kg4 41. Rf2 Rh1+ 42. Ke2 h4 43. Be3 a5 44. Rf4+ Kh3 45. Bf2 1-0

[Event "29th Czech Open A 2018"]
[Site "Pardubice CZE"]
[Date "2018.07.22"]
[Round "3.14"]
[White "Haldorsen, Benjamin"]
[Black "Kislinsky, Alexey"]
[Result "1/2-1/2"]
[WhiteTitle "FM"]
[BlackTitle "GM"]
[WhiteElo "2423"]
[BlackElo "2502"]
[WhiteFideId "1512633"]
[BlackFideId "14108801"]
[EventDate "2018.07.20"]

1. e4 c5 2. Nf3 g6 3. d4 Bg7 4. dxc5 Qa5+ 5. c3 Qxc5 6. Na3 Nf6 7. Nb5 O-O 8. e5
Ng4 9. Qd4 Qxd4 10. cxd4 Nc6 11. h3 Nh6 12. Bd2 d6 13. Bc3 a6 14. Nc7 Ra7 15. a4
Rd8 16. Bc4 e6 17. d5 exd5 18. Nxd5 dxe5 19. Nb6 e4 20. Ng5 Ne5 21. O-O Nxc4 22.
Nxc4 Bxc3 23. bxc3 b5 24. axb5 Rc7 25. Ne3 axb5 26. Nxe4 Kg7 27. Rfd1 Rxd1+ 28.
Rxd1 Nf5 1/2-1/2

[Event "29th Czech Open A 2018"]
[Site "Pardubice CZE"]
[Date "2018.07.22"]
[Round "3.15"]
[White "Tomazini, Zan"]
[Black "Stany, G.A."]
[Result "0-1"]
[WhiteTitle "IM"]
[BlackTitle "IM"]
[WhiteElo "2406"]
[BlackElo "2483"]
[WhiteFideId "14608162"]
[BlackFideId "5029104"]
[EventDate "2018.07.20"]

1. e4 e5 2. Nf3 Nc6 3. Bc4 Bc5 4. d3 Nf6 5. Bb3 O-O 6. Nbd2 h6 7. h3 d6 8. c3
Ne7 9. d4 exd4 10. cxd4 Bb6 11. Qe2 Re8 12. O-O Ng6 13. Qc4 d5 14. exd5 Nf4 15.
d6 Be6 16. dxc7 Bxc7 17. Qb5 Bxh3 18. Ne5 Bxe5 19. dxe5 Bxg2 20. Nf3 Bxf3 21.
Bxf4 Qc8 22. e6 Rxe6 23. Bxe6 Qxe6 24. Kh2 Qg4 25. Bg3 Nd5 0-1

[Event "29th Czech Open A 2018"]
[Site "Pardubice CZE"]
[Date "2018.07.22"]
[Round "3.16"]
[White "Grekh, Andrey"]
[Black "Malinovsky, Karel"]
[Result "1-0"]
[WhiteTitle "IM"]
[BlackTitle "IM"]
[WhiteElo "2400"]
[BlackElo "2472"]
[WhiteFideId "14112418"]
[BlackFideId "313874"]
[EventDate "2018.07.20"]

1. Nf3 c5 2. g3 d5 3. Bg2 Nc6 4. d4 cxd4 5. Nxd4 e5 6. Nxc6 bxc6 7. c4 Be6 8.
Qa4 Qd7 9. Nc3 Ne7 10. O-O dxc4 11. Rd1 Nd5 12. Be3 Bd6 13. Ne4 O-O 14. Bc5 Bxc5
15. Nxc5 Qc7 16. Qxc4 Qb6 17. Qc1 Bg4 18. h3 Bc8 19. Nd3 Re8 20. Nc5 Rb8 21. b3
h6 22. Qc4 Qb4 23. Rac1 Qa3 24. Qa4 Qxa4 25. Nxa4 e4 26. Rxc6 Bb7 27. Rc5 Nf6
28. Rc7 Ba6 29. e3 Red8 30. Rxd8+ Rxd8 31. Nc3 Bd3 32. Re7 Kf8 33. Re5 Rc8 34.
Nxe4 Rc1+ 35. Kh2 Nxe4 36. Bxe4 Bxe4 37. Rxe4 Rc2 38. Ra4 Rxf2+ 39. Kg1 Rf3 40.
Kg2 Rxe3 41. Rxa7 Re2+ 42. Kf3 Rb2 43. h4 h5 44. Ra4 Ke7 45. b4 f6 46. a3 g5 47.
hxg5 fxg5 48. Ra7+ Kf6 49. Ra6+ Kf7 50. Ra5 Rb3+ 51. Kg2 Kf6 52. b5 Rb2+ 53. Kf3
Rb3+ 54. Kf2 Rb2+ 55. Kf1 Rb1+ 56. Ke2 Rb2+ 57. Kd3 h4 58. gxh4 gxh4 59. Ra6+
Kg7 60. Kc4 h3 61. Re6 h2 62. Re1 Kf6 63. Kc5 Rg2 64. Rh1 Ke7 65. Kc6 Rc2+ 66.
Kb7 Kd6 67. b6 Kc5 68. a4 Rg2 69. Ka6 Rg6 70. a5 Rh6 71. Ka7 Kb5 72. Rb1+ Kxa5
73. Ra1+ Kb5 74. b7 Rh7 75. Ka8 1-0

[Event "29th Czech Open A 2018"]
[Site "Pardubice CZE"]
[Date "2018.07.22"]
[Round "3.17"]
[White "Harsha, Bharathakoti"]
[Black "Gurbanov, Andrei"]
[Result "1/2-1/2"]
[WhiteTitle "IM"]
[BlackTitle "IM"]
[WhiteElo "2465"]
[BlackElo "2305"]
[WhiteFideId "5078776"]
[BlackFideId "13503391"]
[EventDate "2018.07.20"]

1. e4 e5 2. Nf3 Nc6 3. Bc4 Bc5 4. c3 Nf6 5. d4 exd4 6. e5 d5 7. Bb5 Ne4 8. cxd4
Bb6 9. Nc3 O-O 10. Be3 Ne7 11. Bd3 f5 12. Ne2 Ng6 13. g3 f4 14. Nxf4 Ba5+ 15.
Kf1 Nxf4 16. Bxf4 Bh3+ 17. Ke2 Bg4 18. h3 Bxf3+ 19. Kxf3 g5 20. Bxe4 dxe4+ 21.
Kxe4 gxf4 22. gxf4 Kh8 23. Rg1 c6 24. Qg4 Qd5+ 25. Ke3 Rf7 26. Qg2 Qc4 27. Qe4
Raf8 28. Rg4 c5 29. e6 Qxd4+ 30. Qxd4+ cxd4+ 31. Ke4 Rf6 32. f5 Bc7 33. Rg5 Rh6
34. Rc1 Bb6 35. Rg4 d3 36. Kxd3 Rxh3+ 37. Ke4 Bxf2 38. Rc7 Re3+ 39. Kf4 Rxe6 40.
Rgg7 Rh6 41. Rxb7 Rh5 42. Rgf7 Rxf7 43. Rxf7 Kg8 44. Rb7 Bb6 45. Ke5 Rh2 46. f6
Rxb2 47. Rg7+ Kf8 48. Rxh7 Rxa2 49. Rh8+ Kf7 50. Rh7+ Kg8 51. Rb7 Rf2 52. Ke6
Bd4 53. Rb8+ Kh7 54. f7 Bg7 55. Rb7 a6 56. Rb4 Re2+ 57. Kd5 a5 58. Ra4 Rf2 59.
Ke6 Bc3 60. Ra2 Rf3 61. Rh2+ Kg6 62. Rg2+ Kh5 63. Rg3 Rf6+ 64. Ke7 Be5 65. Re3
Kg6 66. Rxe5 Rxf7+ 67. Kd6 Ra7 68. Re3 a4 69. Ra3 Kf5 70. Kc5 Ke4 71. Kb6 Ra8
72. Kb7 Ra5 73. Kb6 Ra8 1/2-1/2

[Event "29th Czech Open A 2018"]
[Site "Pardubice CZE"]
[Date "2018.07.22"]
[Round "3.18"]
[White "Rahul, Srivatshav P"]
[Black "Henderson de La Fuente, Lance"]
[Result "1/2-1/2"]
[WhiteTitle "IM"]
[BlackTitle "IM"]
[WhiteElo "2397"]
[BlackElo "2463"]
[WhiteFideId "25059653"]
[BlackFideId "32096585"]
[EventDate "2018.07.20"]

1. d4 Nf6 2. c4 e6 3. g3 d5 4. Nf3 Be7 5. Bg2 O-O 6. O-O dxc4 7. Ne5 Nc6 8. Bxc6
bxc6 9. Nxc6 Qe8 10. Nxe7+ Qxe7 11. Qa4 e5 12. dxe5 Qxe5 13. Nc3 Be6 14. Bf4 Qc5
15. Rfd1 h6 16. Qb5 Qxb5 17. Nxb5 Rab8 18. a4 Nd5 19. Be5 f6 20. Bd4 a6 21. Nc3
Nxc3 22. Bxc3 Rfd8 23. f3 Kf7 24. Kf2 Ke7 25. Ke1 1/2-1/2

[Event "29th Czech Open A 2018"]
[Site "Pardubice CZE"]
[Date "2018.07.22"]
[Round "3.19"]
[White "Gombocz, Ferenc Jr."]
[Black "Merry, Alan B"]
[Result "0-1"]
[WhiteTitle "FM"]
[BlackTitle "IM"]
[WhiteElo "2301"]
[BlackElo "2462"]
[WhiteFideId "775029"]
[BlackFideId "418811"]
[EventDate "2018.07.20"]

1. c4 g6 2. g3 Bg7 3. Bg2 e5 4. Nc3 d6 5. e4 Nc6 6. Nge2 Nh6 7. d3 O-O 8. O-O f5
9. Rb1 Be6 10. b4 f4 11. f3 g5 12. Nd5 Ne7 13. Nxe7+ Qxe7 14. Qc2 Nf7 15. Kf2 c6
16. Ke1 b5 17. Rf2 Nh8 18. g4 bxc4 19. dxc4 Qf7 20. Bf1 Bxc4 21. Nc3 Be6 22. Rd2
Rfd8 23. b5 Rac8 24. Qa4 cxb5 25. Nxb5 d5 26. Ba3 Rb8 27. Rc1 dxe4 28. Nd6 e3
29. Rdd1 Qg6 30. Bc4 Nf7 31. Nxf7 Qxf7 32. Rxd8+ Rxd8 33. Bxe6 Qxe6 34. Bc5 Qh6
35. Qc4+ Kh8 36. Be7 Qh4+ 37. Kf1 Qf2# 0-1

[Event "29th Czech Open A 2018"]
[Site "Pardubice CZE"]
[Date "2018.07.22"]
[Round "3.20"]
[White "Popov, Mikhail"]
[Black "Paravyan, David"]
[Result "0-1"]
[WhiteTitle "FM"]
[BlackTitle "GM"]
[WhiteElo "2404"]
[BlackElo "2638"]
[WhiteFideId "4146182"]
[BlackFideId "4194985"]
[EventDate "2018.07.20"]

1. d4 Nf6 2. Bg5 d5 3. Bxf6 gxf6 4. e3 c5 5. dxc5 Nc6 6. c4 d4 7. exd4 Qxd4 8.
Nc3 Qxc5 9. Nf3 Bh6 10. Be2 Rg8 11. Qd5 Qb6 12. Qh5 Rxg2 13. Qxh6 Qxf2+ 14. Kd1
Bf5 15. Rf1 O-O-O+ 16. Nd2 Rg1 17. Nd5 Nd4 18. Rxg1 Qxe2+ 19. Kc1 Qd3 20. Nb4
Qxc4+ 21. Nxc4 Ne2# 0-1

[Event "29th Czech Open A 2018"]
[Site "Pardubice CZE"]
[Date "2018.07.22"]
[Round "3.21"]
[White "Stocek, Jiri"]
[Black "Biriukov, Nikolai"]
[Result "1-0"]
[WhiteTitle "GM"]
[BlackTitle "IM"]
[WhiteElo "2586"]
[BlackElo "2398"]
[WhiteFideId "304760"]
[BlackFideId "14103842"]
[EventDate "2018.07.20"]

1. d4 Nf6 2. c4 g6 3. Nc3 Bg7 4. e4 d6 5. Be2 O-O 6. Be3 c5 7. e5 dxe5 8. dxe5
Nfd7 9. f4 f6 10. exf6 exf6 11. Nf3 Na6 12. O-O Nb6 13. Qb3 Qe8 14. Nb5 Qe7 15.
Rfe1 Bf5 16. a3 Rae8 17. Bf2 Nc8 18. Bd3 Qd7 19. Bxf5 Qxf5 20. Nxa7 Nd6 21. Qb6
Ne4 22. Be3 Rf7 23. Rad1 Bf8 24. Rd8 Re6 25. Qb3 Kg7 26. h3 Nd6 27. Nb5 Nxb5 28.
cxb5 c4 29. Qxc4 Rc7 30. Qf1 Bc5 31. Nd4 Bxd4 32. Rxd4 Nb8 33. g4 Qc2 34. Rc1
Rxe3 35. Rxc2 Rxc2 36. Rd8 1-0

[Event "29th Czech Open A 2018"]
[Site "Pardubice CZE"]
[Date "2018.07.22"]
[Round "3.22"]
[White "Lalic, Bogdan"]
[Black "Boruchovsky, Avital"]
[Result "1/2-1/2"]
[WhiteTitle "GM"]
[BlackTitle "GM"]
[WhiteElo "2394"]
[BlackElo "2558"]
[WhiteFideId "409081"]
[BlackFideId "2800055"]
[EventDate "2018.07.20"]

1. d4 Nf6 2. c4 e6 3. Nf3 d5 4. Nc3 dxc4 5. e4 b5 6. e5 Nd5 7. Nxb5 Nb6 8. Be2
Be7 9. O-O Nc6 10. Be3 O-O 11. Nc3 Bb7 12. a3 Na5 13. Qc2 Nd5 14. Rad1 Rb8 15.
Bd2 c6 16. Ne4 h6 17. Bxa5 1/2-1/2

[Event "29th Czech Open A 2018"]
[Site "Pardubice CZE"]
[Date "2018.07.22"]
[Round "3.23"]
[White "Nguyen, Thai Dai Van"]
[Black "Frolov, Artur"]
[Result "1-0"]
[WhiteTitle "GM"]
[BlackTitle "IM"]
[WhiteElo "2546"]
[BlackElo "2393"]
[WhiteFideId "358878"]
[BlackFideId "14100134"]
[EventDate "2018.07.20"]

1. e4 e5 2. Nf3 Nc6 3. Bb5 a6 4. Ba4 Nf6 5. O-O Be7 6. Re1 b5 7. Bb3 d6 8. c3
O-O 9. h3 Na5 10. Bc2 c5 11. d4 Qc7 12. Nbd2 Bd7 13. Nf1 Nc4 14. b3 Nb6 15. Ne3
Rfe8 16. dxe5 dxe5 17. c4 Qb8 18. a4 Bc6 19. a5 Nbd7 20. Nd5 Bd8 21. Bd2 h6 22.
Be3 b4 23. g4 Nh7 24. Qd2 Nhf8 25. Kh1 Ne6 26. Rg1 Nd4 27. Bxd4 exd4 28. g5 Ne5
29. Nxe5 Qxe5 30. gxh6 g6 31. f4 Qh5 32. Qg2 Qxh6 33. e5 Kh8 34. Be4 Ra7 35.
Raf1 f5 36. Bd3 Rg7 37. Rf3 Reg8 38. Qe2 g5 39. Bxf5 gxf4 40. Rxg7 Rxg7 41. Qe4
d3 42. Rxd3 Bc7 43. e6 f3 44. Rd1 f2 45. Bg4 Qh4 46. Qf3 Bd6 47. Rf1 Kh7 48. Kg2
Be8 49. Nf6+ 1-0

[Event "29th Czech Open A 2018"]
[Site "Pardubice CZE"]
[Date "2018.07.22"]
[Round "3.24"]
[White "Piscopo, Pierluigi"]
[Black "Plat, Vojtech"]
[Result "1/2-1/2"]
[WhiteTitle "IM"]
[BlackTitle "GM"]
[WhiteElo "2389"]
[BlackElo "2543"]
[WhiteFideId "809152"]
[BlackFideId "325740"]
[EventDate "2018.07.20"]

1. e4 e5 2. Bc4 Nf6 3. d3 Be7 4. Nc3 c6 5. f4 exf4 6. Bxf4 d5 7. Bb3 O-O 8. Nf3
a5 9. O-O dxe4 10. dxe4 Qxd1 11. Raxd1 Na6 12. e5 Nh5 13. Bg5 Bc5+ 14. Kh1 h6
15. Bh4 Nf4 16. Ne4 Ng6 17. Bg3 Be7 18. Nd6 Nc5 19. Bxf7+ Kh7 20. Bxg6+ Kxg6 21.
Nh4+ Kh7 22. Rxf8 Bxf8 23. Nxc8 Rxc8 24. Nf5 Re8 25. Rd4 Kg6 26. Nd6 Bxd6 27.
exd6 Nd7 28. Rd2 Re4 29. Kg1 Kf5 30. Kf2 b5 31. h3 a4 32. b3 axb3 33. axb3 Re8
34. Re2 Rxe2+ 35. Kxe2 Ke4 36. Kd2 Kd4 37. Bh2 Nf6 38. Ke2 Ke4 39. Kd2 Kd4 40.
Ke2 Ke4 41. Bg1 Kd5 42. Kd3 Kxd6 43. Bd4 Kd5 44. c4+ bxc4+ 45. bxc4+ Kd6 46. g4
Ne8 47. Bb2 Ke6 48. Kd4 Nc7 49. Bc1 Ne8 50. Kc5 Kd7 51. Kd4 Ke6 52. Kc5 Kd7 53.
Kd4 1/2-1/2

[Event "29th Czech Open A 2018"]
[Site "Pardubice CZE"]
[Date "2018.07.22"]
[Round "3.25"]
[White "Pulpan, Jakub"]
[Black "Shyam, Sundar M."]
[Result "0-1"]
[WhiteTitle "IM"]
[BlackTitle "GM"]
[WhiteElo "2386"]
[BlackElo "2527"]
[WhiteFideId "302759"]
[BlackFideId "5019141"]
[EventDate "2018.07.20"]

1. e4 c5 2. Nf3 d6 3. d4 cxd4 4. Nxd4 Nf6 5. Nc3 a6 6. Be2 e5 7. Nb3 Be7 8. O-O
O-O 9. Qd3 Be6 10. Bd2 Qc8 11. f4 exf4 12. Bxf4 Nc6 13. Rad1 Ne5 14. Qg3 Rd8 15.
Bxe5 dxe5 16. Qxe5 Qc6 17. Bf3 Bd6 18. Qg5 h6 19. Qc1 Bc4 20. Rfe1 Qc7 21. h3
Bf4 22. Qb1 Qb6+ 23. Kh1 Qf2 24. Ne2 Bxe2 25. Rxe2 Qg3 26. Kg1 Qh2+ 27. Kf2 g5
28. Nd4 h5 0-1

[Event "29th Czech Open A 2018"]
[Site "Pardubice CZE"]
[Date "2018.07.22"]
[Round "3.26"]
[White "Koykka, Pekka"]
[Black "Noe, Christopher"]
[Result "1/2-1/2"]
[WhiteTitle "FM"]
[BlackTitle "IM"]
[WhiteElo "2382"]
[BlackElo "2520"]
[WhiteFideId "504319"]
[BlackFideId "24692018"]
[EventDate "2018.07.20"]

1. e4 e5 2. Nf3 Nc6 3. d4 exd4 4. Nxd4 Bc5 5. Nxc6 Qf6 6. Qf3 bxc6 7. Be2 Qxf3
8. Bxf3 Ne7 9. O-O Ng6 10. Nc3 Ba6 11. Re1 Ne5 12. Be2 Bxe2 13. Rxe2 O-O-O 14.
b3 Bd4 15. Bb2 c5 16. Na4 Bxb2 17. Nxb2 Rhe8 18. Rd2 Re6 19. Rd5 d6 20. f3 Rf8
21. Rad1 g6 22. R5d2 f5 23. exf5 Rxf5 24. Nd3 Nxd3 25. cxd3 Rf4 26. Rc1 a5 27.
Kf2 a4 28. Rc4 Rd4 29. Re2 Rxe2+ 30. Kxe2 axb3 1/2-1/2

[Event "29th Czech Open A 2018"]
[Site "Pardubice CZE"]
[Date "2018.07.22"]
[Round "3.27"]
[White "Christiansen, Johan-Sebastian"]
[Black "Khaetsky, Roman"]
[Result "1-0"]
[WhiteTitle "IM"]
[BlackTitle "IM"]
[WhiteElo "2506"]
[BlackElo "2381"]
[WhiteFideId "1512668"]
[BlackFideId "14106221"]
[EventDate "2018.07.20"]

1. Nf3 Nf6 2. c4 c5 3. Nc3 g6 4. g3 b6 5. Bg2 Bb7 6. d4 cxd4 7. Qxd4 Bg7 8. Be3
d6 9. O-O Nbd7 10. Rac1 Rc8 11. b3 Rc5 12. Qd2 Rc8 13. Qd4 Rc5 14. b4 Rc8 15.
Rfd1 O-O 16. Qh4 Bxf3 17. exf3 Re8 18. Nb5 a6 19. Nd4 h5 20. h3 Qc7 21. g4 Ne5
22. f4 Nxc4 23. f5 Nxe3 24. Rxc7 Nxg2 25. Kxg2 Rxc7 26. fxg6 fxg6 27. g5 Nd7 28.
Ne6 Rcc8 29. Qe4 Nf8 30. Nxf8 Rxf8 31. Qxg6 h4 32. Rd4 1-0

[Event "29th Czech Open A 2018"]
[Site "Pardubice CZE"]
[Date "2018.07.22"]
[Round "3.28"]
[White "Gallego Alcaraz, Andres Felipe"]
[Black "Skliarov, Viktor"]
[Result "1/2-1/2"]
[WhiteTitle "IM"]
[BlackTitle "IM"]
[WhiteElo "2504"]
[BlackElo "2357"]
[WhiteFideId "4402669"]
[BlackFideId "14106736"]
[EventDate "2018.07.20"]

1. e4 c5 2. Nf3 Nc6 3. d4 cxd4 4. Nxd4 Nf6 5. Nc3 e5 6. Ndb5 d6 7. Bg5 a6 8. Na3
b5 9. Nd5 Be7 10. Bxf6 Bxf6 11. c3 Bg5 12. Nc2 O-O 13. a4 bxa4 14. Rxa4 a5 15.
Bc4 Rb8 16. Ra2 Kh8 17. Nce3 Bxe3 18. Nxe3 Ne7 19. O-O Bb7 20. Qc2 Qc7 21. Rfa1
Ra8 22. Qd3 Qc5 23. Rd1 Rad8 24. Bd5 Nxd5 25. Nxd5 f5 26. exf5 e4 27. Qd4 Bxd5
28. Qxd5 Rxf5 29. Qxc5 Rxc5 30. Ra4 Rb5 31. Rd2 d5 32. Rad4 g6 33. c4 Rb4 34.
cxd5 Rxd4 35. Rxd4 Kg7 36. d6 Kf6 37. d7 Ke5 38. Ra4 Rxd7 39. Rxa5+ Kd4 40. Ra1
Kc4 41. Re1 Rd2 42. Rxe4+ Kd5 43. f3 Rxb2 44. Re7 h5 45. h3 Rb6 46. Kf2 Rb4 47.
Kg3 h4+ 48. Kf2 Rf4 49. Ke3 g5 50. Re4 Rf8 51. Re7 Rf4 52. Re8 Rf7 53. Kd3 Rf4
54. Ke3 Rf7 55. Kf2 Rf5 56. Re4 Rf4 57. Ke3 Rf8 58. Rg4 Rf5 59. Ra4 Ke6 60. Ra6+
Kf7 61. Rd6 Re5+ 62. Kf2 Ra5 63. Rd4 Ra2+ 64. Kg1 Kg6 65. Rd8 Rb2 66. Rg8+ Kf5
67. Rf8+ Kg6 68. Re8 Ra2 69. Kf1 Rb2 70. Re2 Rb1+ 71. Kf2 Rb3 72. Ra2 Rc3 73.
Ra4 Rc2+ 74. Kg1 Rc1+ 75. Kh2 Rb1 76. Rg4 Kh5 77. Rc4 Kg6 78. Rc6+ Kf5 79. Rh6
Ra1 80. Rh8 Rb1 81. Rf8+ Kg6 82. Re8 Ra1 83. Re2 Kf5 84. Rb2 Kg6 85. Rb8 Kf5 86.
Rh8 Rb1 87. Rh6 Ra1 88. Rb6 Rc1 89. Rb5+ Kg6 90. Re5 Ra1 91. g4 hxg3+ 92. Kxg3
Rg1+ 93. Kf2 Rh1 94. Kg2 Ra1 95. Re4 Kf5 96. Rb4 Rc1 97. Rb8 Ra1 98. Rb2 Rc1 99.
Rf2 Ra1 100. Rf1 Ra4 101. Kg3 Rc4 102. Ra1 Rb4 103. Re1 Ra4 104. Re4 Ra1 105. h4
gxh4+ 106. Rxh4 Rg1+ 1/2-1/2

[Event "29th Czech Open A 2018"]
[Site "Pardubice CZE"]
[Date "2018.07.22"]
[Round "3.29"]
[White "Schlosser, Philipp"]
[Black "Krykun, Yuriy"]
[Result "1-0"]
[WhiteTitle "GM"]
[BlackTitle "FM"]
[WhiteElo "2501"]
[BlackElo "2345"]
[WhiteFideId "4600169"]
[BlackFideId "14140667"]
[EventDate "2018.07.20"]

1. Nf3 Nf6 2. c4 c5 3. Nc3 d5 4. cxd5 Nxd5 5. e3 Nxc3 6. bxc3 g6 7. d4 Bg7 8.
Bb5+ Bd7 9. Bd3 O-O 10. O-O Qc7 11. Ba3 b6 12. Qe2 Nc6 13. Rab1 Rac8 14. Rfc1
Na5 15. Ba6 Rb8 16. Nd2 Be6 17. Nb3 Nb7 18. h3 Rfd8 19. e4 f5 20. dxc5 Bxb3 21.
cxb6 axb6 22. axb3 Nc5 23. Bc4+ Kh8 24. exf5 gxf5 25. Bb4 Ne4 26. Bd3 Qf4 27.
Bxe4 Rd2 28. Qf3 Qxe4 29. Qxe4 fxe4 30. Bxe7 Rc8 31. Bg5 Rd5 32. Be3 Rxc3 33.
Rxc3 Bxc3 34. Bxb6 Bb4 35. Be3 Rd3 36. g4 Kg7 37. Kg2 Kg6 38. Rc1 Bd2 39. Rc6+
Kf7 40. Rc7+ Ke6 41. Bxd2 Rxd2 42. Kg3 h5 43. gxh5 Rd3+ 44. Kg4 Rxb3 45. h6 Kf6
46. h7 Rb8 47. Kh5 Re8 48. Kh6 e3 49. fxe3 Kf5 50. Rf7+ Ke4 51. Rg7 1-0

[Event "29th Czech Open A 2018"]
[Site "Pardubice CZE"]
[Date "2018.07.22"]
[Round "3.30"]
[White "Zaitsev, Alexander"]
[Black "Michenka, Jozef"]
[Result "1/2-1/2"]
[WhiteTitle "GM"]
[BlackTitle "IM"]
[WhiteElo "2499"]
[BlackElo "2329"]
[WhiteFideId "4164490"]
[BlackFideId "301175"]
[EventDate "2018.07.20"]

1. d4 Nf6 2. c4 e6 3. g3 d5 4. Nf3 dxc4 5. Bg2 Be7 6. O-O O-O 7. Qc2 a6 8. a4
Nc6 9. Qxc4 Qd5 10. Qxd5 exd5 11. Bf4 Bd6 12. Bxd6 cxd6 13. Nc3 Bd7 14. e3 Rac8
15. Rfd1 Nb4 16. Ne1 Rfe8 17. Nd3 Nxd3 18. Rxd3 Bf5 19. Rdd1 Be4 20. f3 Bg6 21.
Kf2 h5 22. Rdc1 Bf5 23. a5 Bd7 24. Ra3 Rc7 25. Rb3 Bb5 26. Re1 Bc6 27. Ke2 Kf8
28. Kd2 Ke7 29. Ke2 Kd8 30. Kf2 Rce7 31. h3 g5 32. h4 g4 33. f4 Kc8 34. Na2 Rc7
35. Nb4 Ba4 36. Ra3 Bb5 37. Rc3 Rxc3 38. bxc3 Bc4 1/2-1/2